Diseño y operación de un sistema de riego para una zona verde situada en el Valle Central
Guardado en:
| 主要作者: | |
|---|---|
| 格式: | 圖書 |
| 出版: |
San José, C.R
1999
|
| 主題: | |
| 標簽: |
添加標簽
沒有標簽, 成為第一個標記此記錄!
|
MARC
| LEADER | 00000nam a2200000Ia 4500 | ||
|---|---|---|---|
| 003 | 010201 | ||
| 005 | 20221231144205.0 | ||
| 008 | 140114s1999 cr a m 000 ||s d | ||
| 040 | |c cru CEDI | ||
| 090 | |a TFG 4222 | ||
| 100 | |a Monge Jiménez, Iliana |9 7978 | ||
| 245 | |a Diseño y operación de un sistema de riego para una zona verde situada en el Valle Central | ||
| 260 | |c 1999 |a San José, C.R | ||
| 300 | |a xi, 126 hojas : ilustraciones, planos | ||
| 500 | |a Tesis (licenciatura en ingeniería agrícola)--Universidad de Costa Rica. Facultad de Ingeniería. Escuela de Ingeniería Agrícola | ||
| 650 | |x RIEGO POR ASPERSION |x CONSERVACION DE SUELOS |9 7979 | ||
| 942 | |c TFG | ||
| 999 | |c 18205 |d 18205 | ||
